MDQL
is popping MORE tags! Check the
thread
!
Quizzes
Events
Quiz Creation
Community
Videos
Private Events
Remove Ads
Sign In
Join for FREE
Feedback
Dark Mode
Quiz Categories
Sports
Geography
Music
Movies
Television
Just For Fun
Miscellaneous
History
Literature
Language
Science
Gaming
Entertainment
Religion
Holiday
For Kids
Quiz Lab
Recent
Popular Today
Quiz Kudos Today
Editor Picks
Curator Picks
Quizzes by...
Day
Popularity
Type
Ratings
Length
Year
Community
Subscriptions
Recent Discussions
Orange Saloon
Badges
Playlists
Quests
Create
Leaderboards
Showdown
Live 5
Trivia Bingo
Activity
Puzzle Library
Sporcle Events
Private Events
Virtual Trivia
Globe League
Become a Host
Pub Owners
SporcleCon
Opinionation
Our Games
Videos
Blog
Mobile Apps
Partnerships
Remove Ads and Go Orange
Feedback
Sports
Athletes
MLB
NBA
NHL
NFL
Soccer
Sports Teams
WWE
NCAA
Football
Premier League
Basketball
Baseball
Hockey
Golf
Tennis
Cricket
Rugby
Auto Racing
Olympics
World Cup
Sports
Athletes
MLB
NBA
NHL
NFL
Soccer
Sports Teams
WWE
NCAA
Football
Premier League
Basketball
Baseball
Hockey
Golf
Tennis
Cricket
Rugby
Auto Racing
Olympics
World Cup
Random Quiz
Search Sporcle
×
Quiz Lab
Quiz Lab
Sports
cut
Type in answers that appear in a list
Type in answers that appear in a list
Classic
Best Score? Go Orange.
CUT - Carleton Ultimate Alums Stats
Can you name the Carleton Ultimate Alums?
By
cutboy11
20m
192 Questions
58 Plays
58 Plays
58 Plays
Comments
Comments
Give Quiz Kudos
Give Quiz Kudos
-
- Ratings
hide this ad
Replay
Link that replays current quiz
Next Quiz
Link to next quiz in quiz playlist
You Got
0%
They Got
Avg Score
28%
Avg Friend Score
Upgrade to see
Score Distribution
Jump to the score distribution portion of the page
Score
0/192
Timer
20:00
0
Plays Today
Can you name all of the CUT alums?
% Correct
'10
Sam Kanner
67.9%
'01
Alex Nord
66.1%
'97
Mike Guanella
64.3%
'92
Derek Wallace
62.5%
'09
Chris Kosednar
60.7%
'09
Jerome Potter
58.9%
'02
Sam O'Brien
58.9%
'11
Alex Evangelides
58.9%
'11
Patrick Roberts
58.9%
'09
Dan Mammel
57.1%
'08
Nolan O'Brien
57.1%
'08
Sam Roberts
55.4%
'96
Phil Bowen
55.4%
'06
Ben Hahn
53.6%
'02
Matt Hahn
53.6%
'10
Adrian Chow
51.8%
'98
Mike Caldwell
51.8%
'98
Sam Rosenthal
51.8%
'11
Grant Lindsley
51.8%
'11
Christian Foster
51.8%
'10
Luke Powers
48.2%
'99
Seth Partnow
48.2%
'10
Adam Fagin
46.4%
'08
Patrick Baylis
46.4%
'07
Jacob Goldstein
46.4%
'04
Jimmy Chu
46.4%
'03
Alex Masulis
46.4%
'96
Lawrence Wang
46.4%
'94
Josh O'Brien
46.4%
'90
Mike O'Brien
46.4%
'09
Rob Bradley
44.6%
'09
Ty Thorsen
44.6%
'08
Peter Varnum
44.6%
'04
Chase Sparling-Beckley
44.6%
'93
Matt Forster
44.6%
'92
Brent Nystrom
44.6%
'03
Philip Burkhardt
42.9%
'03
Jay Plasman
42.9%
'02
Ethan Dunham
42.9%
'00
Thomas Sebby
42.9%
'93
Don Tom
42.9%
'08
Seth Procter
41.1%
'04
Jeremy Carr
41.1%
'01
Nick Reich
41.1%
'95
Lou Burruss
41.1%
'08
Josh Thorn
39.3%
'06
Chris Rupp
39.3%
'06
Leon Schneider
39.3%
'98
Roger Crafts
39.3%
'98
Jon Remucal
39.3%
'96
Eric Carr
39.3%
'11
James Munson
39.3%
'10
Peter Karian
37.5%
'07
Craig Hogle
37.5%
'05
Nick Swanson-Hysell
37.5%
'01
Matt Dufort
37.5%
'01
Derek Gottlieb
37.5%
'99
Clay Preheim
37.5%
'95
Dave Boardman
37.5%
'95
Kevin Broughton
37.5%
'93
Dave Remucal
37.5%
'11
Ben Sullender
37.5%
'11
Alex Kinsey
37.5%
'83
Mason White
36.1%
Can you name all of the CUT alums?
% Correct
'10
Dan Curme
35.7%
'08
Gabe Hart
35.7%
'08
Anthony McElligott
35.7%
'07
Keith Christianson
35.7%
'05
Andrew Lovejoy
35.7%
'04
Greg Huntington
35.7%
'01
Brody Felchle
35.7%
'99
Josh Wilhelm
35.7%
'92
Dan Revelle
35.7%
'91
Joe Cesario
35.7%
'83
Ted Weldon
35.7%
'10
Robert Carlton
33.9%
'05
Seth Cooper
33.9%
'03
Scott Christensen
33.9%
'01
John Litell
33.9%
'00
Mike Hanslick
33.9%
'98
Drew Amerson
33.9%
'96
Eric Lonsdorf
33.9%
'97
Josh Quaas
33.9%
'94
Trent Hone
33.9%
'81
Charlie Pydych
33.3%
'04
Ernie Kim
33.3%
'06
Carson Thomas
32.1%
'05
Timmy Thurston
32.1%
'02
Alex Hutson
32.1%
'01
Daisuke Fujisake
32.1%
'99
Gus Jesperson
32.1%
'96
Seng Chen
32.1%
'96
Steve Clark
32.1%
'93
Dan Terlouw
32.1%
'88
Al Duerr
32.1%
'88
Chris Smith
32.1%
'81
Jim Tharin
30.8%
'06
Greg Marliave
30.4%
'04
Miles Mcdonough
30.4%
'03
Garrett Westlake
30.4%
'01
Doug Cox
30.4%
'99
Tomas Jensen
30.4%
'98
Kelvin Chan
30.4%
'98
Toby Holsman
30.4%
'98
Ron Kim
30.4%
'96
Allon Katz
30.4%
'88
Matt Thomas
30.4%
'08
Jason Hitchcock
28.6%
'93
Barron Koralesky
28.6%
'88
Eric Jensen
28.6%
'85
Baird Johnson
28.6%
'02
Eric Nemitz
26.8%
'99
Al Licup
26.8%
'98
Brent Olson
26.8%
'96
Alan Abando
26.8%
'90
Mark Scott
26.8%
'05
Nick Monsees
25%
'04
PJ Lally
25%
'98
Sam Havens
25%
'96
Keith Barnes
25%
'84
Chris Borden
25%
'04
Charlie Weber
23.2%
'94
Tom Pearl
23.2%
'93
Eric Zink
23.2%
'06
Noah Mann
21.4%
'03
Jeff Huang
21.4%
'03
John Lindeen
21.4%
'02
Chris Langston
21.4%
Can you name all of the CUT alums?
% Correct
'92
Steve Andersen
21.4%
'04
Isaac Kieffer
19.6%
'90
John Battiste
19.6%
'05
Andrew Goodkind
17.9%
'02
Dave Hunzicker
17.9%
'93
Derek Briggs
17.9%
'93
Mackey Luffman
17.9%
'93
Aaron Mysliwiec
17.9%
'92
Wade Bove
17.9%
'92
John Lankenau
17.9%
'90
Greg Lewin
17.9%
'90
Rich Price
17.9%
'93
Damon Shanle
16.1%
'92
Taylor Tresselt
16.1%
'82
Dan McCreary
16.1%
'92
Jim Rowe
14.3%
'83
Chris Hickman
14.3%
'92
Dave DeHart
12.5%
'92
Glenn Meyer
12.5%
'91
Mike Eichner
12.5%
'94
Thacher Schmid
10.7%
'91
Kris Larson
10.7%
'91
Stu Wagenius
10.7%
'05
Paul Kang
8.9%
'93
Pat Wolf
8.9%
'88
John Stebbins
8.9%
'93
Ryan Neff
7.1%
'83
Chase Turner
7.1%
'93
Dai Owen
5.4%
'91
Dave Feldman
5.4%
'90
Jay Feldman
5.4%
'89
Chris Davis
5.4%
'89
Dave Lewis
5.4%
'85
Stephen Young
5.4%
'92
Nick Corson
3.6%
'91
Hudson Murrell
3.6%
'90
Keith Koeneman
3.6%
'90
Joe Ostazeski
3.6%
'92
Ted Smetana
1.8%
'91
Matt Clayton
1.8%
'91
Doug Usadi
1.8%
'89
Paul Vanderspek
1.8%
'88
Keith Talbot
1.8%
'87
Wade Baxter
1.8%
'87
Garry Kaufman
1.8%
'87
Steve Toth
1.8%
'86
Scott Hirschberg
1.8%
'93
John Schroeder
0%
'91
Dave Hartigan
0%
'90
Bert Granberg
0%
'90
John Ostegren
0%
'90
Rob Tichy
0%
'89
Andy Beedle
0%
'89
Chris Kreuger
0%
'88
Mike Christofferson
0%
'88
Dave Reiner
0%
'88
Hillard Zallen
0%
'87
Scott Cheney
0%
'87
Randy Ellingson
0%
'87
Andrew Graham
0%
'87
Jeff Rozinka
0%
'87
Tim Warder
0%
'87
Rob Zeitlin
0%
'86
Paul Helm
0%
Quiz Playlist
Details
Report
Send in Message
Add To Playlist
Classic:
Type in answers that appear in a list
Last Updated: Feb 16, 2017
Quiz Scoreboard
CHALLENGE
Sign Up to Join the Scoreboard
Show All
Scores
Hide
Comments
May contain spoilers
Recently Published
Image Sorting: Flags VI
by Barbecue
Geography
2m
Find the 'City' Movie
by crazypaving
Movies
60s
Colored Red Africa Blitz
by spor1
Geography
45s
More to Explore
Quiz From the Vault
Featured Blog Post
14 Easter Pick-up Lines to Find Eggs With
hide this ad
You Might Also Like...
Tags
alum
cut
ultimate
Today's Top Quizzes in Sports
Browse Sports
hide this ad
Today's Top Quizzes in cut
Browse cut
Top Contributed Quizzes in Sports
1
Les meilleurs buteurs des matchs entre le PSG et l’OM
2
Les entraîneurs de l'OM et du PSG au 21e siècle
3
Les joueurs passés par le PSG et l'OM
4
2022 World Cup Stars
5
Players with Multiple 50 Home Run Seasons
6
Criteria MLB: Left Handed Sluggers
7
Les joueurs passés par le LOSC et le RC Lens
8
NBA Logic Puzzle 2.0
9
MLB Players with Two .350 Batting Average Seasons
10
FIFA Club World Cup Champions
Explore More
Trending Topics
Disney
Marvel
NBA
Anime
Kpop
Harry Potter
Crossword
WWE
Pokémon
Soccer
NFL
Country
Song
Puzzle
The Office
hide this ad
More By:
cutboy11
Quiz
Plays
Rating
Category
Featured
Created
CUT - Carleton Ultimate Alums
58
Sports
Jun 3, 2012
Go to Creator's Profile
Score Distribution
Quiz Creator Spotlight
cutboy11
Follow
Send a Message
Quizzes Created
-
Created Quiz Play Count
-
More By This Creator
Popular Quizzes Today
1
Colored Red Africa Blitz
2
Find the US States - No Outlines Minefield
3
Find the 'City' Movie
4
5x2 Blitz: Bands
5
The Countries of the World
6
Find the US States
7
Find the Countries of Europe - No Outlines Minefield
8
US States
More Sports Quizzes
Get the Picture Blitz: Point Guards in Purple Garb
Curator's Pick
Trending Quizzes
Colored Red Europe Blitz I
Colored Red Europe Blitz II
Colored Red Africa Blitz II
Colored Red Europe Blitz III
Colored Red Africa Blitz III
Recently Updated
How Do You Spell That?
pecheneg
Godzilla Movies
pecheneg
Grab Bag: 4-10 Letters
pecheneg
2024 March Madness Bracket
pecheneg
Famous TV Couples
Peacemaker
Champions League XIs: Real Madrid
pecheneg
Largest US Cities 1790-2010
pecheneg
Rides in Walt Disney World
pecheneg
Most Oscar Losses (Acting)
pecheneg
Beyoncé Albums
pecheneg
Trending Topics
Crossword
Marvel
Harry Potter
Anime
Kpop
NBA
Disney
Soccer
NFL
The Office
Puzzle
WWE
Pokémon
Country
Song
Your Account Isn't Verified!
In order to create a playlist on Sporcle, you need to verify the email address you used during registration. Go to your
Sporcle Settings
to finish the process.
Report this User
Report this user for behavior that violates our
Community Guidelines
.
Details:
Send Report
Go to the Sporcle.com Mobile Site →
Comments